000 00433ntaaa2200181 4500
003 01
005 20251027202553.0
008 0714s1973 ag 01
040 _aAR-BaBN
_bspa
_cAR-BaBN
_eaacr
_dRIC
082 _a301.4270 K83
100 _aKoonce, Ray F
245 _aUnderstanding your teen-agers
250 _a1 ed.
260 _aNashville :
_bBroadman Press,
_cc1965
300 _a141 p
650 _aadolescencia
942 _cBK
999 _c20805
_d20805